| 000 | 007880000a22002170004500 | ||
|---|---|---|---|
| 090 |
_aAR _b04080 |
||
| 245 | 1 | 0 |
_aHummingbirds as vectors of fungal spores in Moussonia deppeana (Gesneriaceae) _staking advantage of a mutualism |
| 650 | 1 | 4 |
_aPolinización _994027 |
| 650 | 1 | 4 |
_aRelación planta-animal _992861 |
| 650 | 1 | 4 |
_aProducción de semillas _978884 |
| 650 | 1 | 4 |
_aEsporas _997923 |
| 650 | 1 | 4 |
_aColibrís _997916 |
| 651 | 4 |
_lParque Ecológico Francisco Xavier Clavijero _mXalapa _dVeracruz _pMéxico _992749 |
|
| 653 |
_gMoussonia _eMoussonia deppeana |
||
| 653 |
_gFusarium _eFusarium moniliforme |
||
| 041 | 0 | _aInglés | |
| 700 | 1 |
_aOrnelas, Juan Francisco _997913 |
|
| 100 | 1 |
_aLara, Carlos _997914 |
|
| 942 | _cARTICULO | ||
| 773 | 1 |
_tAmerican Journal of Botany _h2 _q262-269 _d2003 _g90 |
|
| 999 |
_c13112 _d13112 |
||